00466nam a22001577a 4500003001100000005001700011008004100028020001500069040003900084041000800123082001600131100001800147245007100165260003600236650003600272LK-CoMWRAF20230908103703.0230908b2002 |||||||| |||| 00| 0 eng d a0312422601 aLK-CoMWRAFdLK-CoMWRAFeLK-CoMWRAF aeng a910.92bHOR aHorwitz, Tony aBlue latitudes : bBoldly going where captain cook has gone before aNew York :bTony Horwitz,c2002 aTraveler & explorer Biographies